Loading...
| Current Events | 2 | 2 | 0 | 0 | 50 | 37 | 72.00 | 3 | 3 | 0.00 | 0.00 |
| History - World | 0 | 4 | 0 | 1 | 40 | 84 | 113.00 | 1 | 4 | 0.00 | 0.00 |
| History - American | 1 | 2 | 0 | 1 | 35 | 47 | 87.67 | 0 | 2 | 0.00 | 0.00 |
| History - European | 1 | 2 | 0 | 0 | 35 | 62 | 84.00 | 2 | 3 | 0.00 | 0.00 |
| Philosophy | 0 | 3 | 0 | 0 | 30 | 116 | 126.33 | 0 | 3 | 0.00 | 0.00 |
| Social Science | 0 | 2 | 0 | 0 | 20 | 94 | 111.50 | 0 | 2 | 0.00 | 0.00 |
| History - Other | 1 | 0 | 1 | 0 | 10 | 61 | 61.00 | 1 | 1 | 0.00 | 0.00 |
| Other Academic | 0 | 1 | 0 | 1 | 10 | 134 | 134.00 | 0 | 1 | 0.00 | 0.00 |
| Fine Arts - Painting and Sculpture | 0 | 1 | 0 | 1 | 10 | 146 | 146.00 | 0 | 0 | 0.00 | 0.00 |
| Science - Physics | 0 | 1 | 0 | 0 | 10 | 129 | 129.00 | 1 | 1 | 0.00 | 0.00 |
| Fine Arts - Other | 1 | 0 | 1 | 0 | 10 | 53 | 53.00 | 1 | 1 | 0.00 | 0.00 |